000 00350nam a2200133Ia 4500
005 20260326100029.0
008 260326s9999||||xx |||||||||||||| ||und||
100 _aHardoy, Jorge E.
245 0 _aCartografia Urbana Colonial de América Latina y el Caribe /
_cJorge E. Hardoy
260 _bGel
300 _a510 p.
650 _aURBANISMO
942 _cBK
999 _c6550
_d6550